| 000 | 00619pam a2200205 i 4500 | ||
|---|---|---|---|
| 020 | _a0070125120 | ||
| 040 | _cDLC | ||
| 082 | 0 | 0 | _a510 GRE 1976 A028 Or. |
| 100 | 1 | _aCooke, Nelson Magor. | |
| 245 | 1 | 0 | _aBasic mathematics for electronics / |
| 250 | _a4th ed. | ||
| 260 |
_aNew York : _bGregg Division, McGraw-Hill, _cc1976. |
||
| 300 |
_aiv, 617 p. : _bill. ; _c25 cm. |
||
| 500 | _aFirst ed. published in 1942 under title: Mathematics for electricians and radiomen. | ||
| 500 | _aIncludes index. | ||
| 650 | 0 | _aElectrical engineering | |
| 650 | 0 | _aElectronics | |
| 700 | 1 | _aAdams, Herbert F. R., | |
| 942 | _cEK | ||
| 999 |
_c12840 _d12840 |
||